Guess the rap song from his first lyrics - Statistics

General Stats
  • This quiz has been taken 970 times
  • The average score is 4 of 15
Answer Stats
Lyrics Song % Correct
Sun is down, freezin' coldThat-s how we already know winter's here Sicko Mode
72%
I ain't got no motherf*ckin friends That's why I f*cked yo' b*itch, you fat motherf*cker Hit 'Em Up
69%
Just waking up in the morning, gotta thank godI don't know but today seems kinda odd It Was A Good Day
69%
Workin' on the weeknd like usualWay off in the deep end like usual Life Is Good
60%
I got a bone to pickI don't want you monkey-mouth motherf*ckers sittin' in my throne again King Kunta
35%
Let's get It, Hop off a sixteen passengerThis a G5, no, this not a challenger Hotel Lobby
34%
Yo, we at warWe at war with terrorism, racism, but most of all we at war with ourselves Jesus Walks
19%
So nasty that it's probably somewhat of a travesty having meDaily told the people "You can call me Your Majesty" All Caps
17%
Cause sometimes you just feel tired You feel weak Till I Collapse
10%
Things just ain't the same for gangstasTimes is changing, young n*ggas is aging The Watcher
8%
Motherf*ckers, say that I'm foolish I only talk about jewelsDo you fools listen to music or do you just skim through it ? Renegade
7%
From the depths of the sea, back to the blockSnoop Doggy Dogg, funky as the, the, the D.O.C. Who Am I
7%
Yo, the saga begins, begin warI draw first blood, be the first to set it off Hell On Earth
5%
I been in this game for years, it made me an animalIt's rules to this shit, I wrote me a manual Ten Crack Commandments
5%
If hip hop should die before I wakeI'll put an extended clip inside of my AK Hip Hop Is Dead
4%
No matching quizzes found
Score Distribution
Percent of People with Each Score
Percentile by Number Answered
Your Score History
You have not taken this quiz